Prediktívna analýza prúdov dát
Saved in:
| Main Author: | |
|---|---|
| Other Authors: | |
| Format: | Manuscript Book |
| Language: | Slovak |
| Published: |
2019
|
| Subjects: | |
| Online Access: | http://is.stuba.sk/zp/portal_zp.pl?podrobnosti=133947 |
| Tags: |
No Tags, Be the first to tag this record!
|
MARC
| LEADER | 00000ntm a22000003a 4500 | ||
|---|---|---|---|
| 001 | stuzp42721 | ||
| 003 | SK-STU | ||
| 005 | 20200119003221.8 | ||
| 007 | ta | ||
| 008 | 150427s2015----xo-----f-mn---000-0-slo-d | ||
| 040 | |a STU |b slo | ||
| 041 | 0 | |a slo | |
| 100 | 1 | |a Vrablecová, Petra |u 070200 |k Z2 |4 aut |U FIIT Fakulta informatiky a informačných technológií |T FIIT Ústav informatiky, informačných systémov a softvérového inžinierstva |X 56347 |U I200 |Y 179 |7 56347 | |
| 242 | 0 | 1 | |a Predictive Analytics on Data Streams |y eng |
| 245 | 1 | 0 | |a Prediktívna analýza prúdov dát |
| 260 | |c 2019 | ||
| 650 | 4 | |a dolovanie v dátach |2 slo | |
| 650 | 4 | |a adaptívne predikčné metódy |2 slo | |
| 650 | 4 | |a zmena v prúde dát |2 slo | |
| 650 | 4 | |a prognózovanie |2 slo | |
| 650 | 4 | |a predikcia spotreby elektrickej energie |2 slo | |
| 650 | 4 | |a dolovanie v prúdoch |2 slo | |
| 650 | 4 | |a predikcia |2 slo | |
| 650 | 4 | |a inkrementálne a online spracovanie |2 slo | |
| 650 | 4 | |a strojové učenie |2 slo | |
| 650 | 4 | |a prediction |2 eng | |
| 650 | 4 | |a forecasting |2 eng | |
| 650 | 4 | |a stream mining |2 eng | |
| 650 | 4 | |a incremental and online processing |2 eng | |
| 650 | 4 | |a machine learning |2 eng | |
| 650 | 4 | |a adaptive prediction methods |2 eng | |
| 650 | 4 | |a concept drift |2 eng | |
| 650 | 4 | |a data mining |2 eng | |
| 650 | 4 | |a power demand forecasting |2 eng | |
| 700 | 1 | |a Rozinajová, Viera |u 070200 |k Z1 |4 ths |U FIIT Fakulta informatiky a informačných technológií |T FIIT Ústav informatiky, informačných systémov a softvérového inžinierstva |X 110 |U I200 |Y 179 |7 110 | |
| 856 | 4 | |u http://is.stuba.sk/zp/portal_zp.pl?podrobnosti=133947 | |